Antenna & Wave Propagation (Record no. 610377)

000 -LEADER
fixed length control field 00398nam a22001457a 4500
020 ## - INTERNATIONAL STANDARD BOOK NUMBER
International Standard Book Number 9788184312782
040 ## - CATALOGING SOURCE
Transcribing agency Nust
082 ## - DEWEY DECIMAL CLASSIFICATION NUMBER
Classification number 621.3824
Author Mark BAK
100 ## - MAIN ENTRY--PERSONAL NAME
Personal name U.A bakshi
9 (RLIN) 124552
110 ## - MAIN ENTRY--CORPORATE NAME
Corporate name or jurisdiction name as entry element A.V. Bakshi, K.A. bakshi
9 (RLIN) 124553
245 ## - TITLE STATEMENT
Title Antenna & Wave Propagation
260 ## - PUBLICATION, DISTRIBUTION, ETC.
Place of publication, distribution, etc. Pune:
Name of publisher, distributor, etc. Technical Publications Pune,
Date of publication, distribution, etc. 2012
650 ## - SUBJECT ADDED ENTRY--TOPICAL TERM
Topical term or geographic name entry element Antenna & Wave Propagation
9 (RLIN) 124554
942 ## - ADDED ENTRY ELEMENTS (KOHA)
Source of classification or shelving scheme
Koha item type Book
Holdings
Withdrawn status Lost status Source of classification or shelving scheme Damaged status Not for loan Permanent Location Current Location Shelving location Date acquired Total Checkouts Full call number Barcode Date last seen Price effective from Koha item type
          College of Electrical & Mechanical Engineering (CEME) College of Electrical & Mechanical Engineering (CEME) General Stacks 07/18/2024   621.3824 BAK CEME- 46856 07/18/2024 07/18/2024 Book
© 2023 Central Library, National University of Sciences and Technology. All Rights Reserved.